Breve reseña de como la Casa Provincial de Maternidad y Expósitos se instaló en la Municipal de Misericordia de esta ciudad ...
Descripción Física:
23 p. ; 22 cm
MARC
| LEADER | 00000nam a2200000Ia 4500 | ||
|---|---|---|---|
| 001 | 16487 | ||
| 008 | 160829s1868 xx 000 0 cat d | ||
| 080 | |a RF-14-66 | ||
| 110 | 2 | |a Casa de Maternitat i Expòsits de Barcelona |9 52670 | |
| 245 | |a Breve reseña de como la Casa Provincial de Maternidad y Expósitos se instaló en la Municipal de Misericordia de esta ciudad ... | ||
| 260 | |a Barcelona : |b (Establecimiento Tipográfico de Narciso Ramírez y Comp.), |c 1868 | ||
| 300 | |a 23 p. ; |c 22 cm | ||
| 590 | |a Prové de 713, exp. 18. | ||
| 590 | |a Hi ha un duplicat a: 713, exp. 17. | ||
| 610 | 2 | 0 | |a Casa de Maternitat i Expòsits de Barcelona |9 52670 |
| 856 | 4 | |u https://media.diba.cat/diba/fitxers/arxiu/fulletons/bib_16487_1880_baixa.pdf |y Accés lliure | |
| 856 | 4 | |u https://media.diba.cat/diba/fitxers/arxiu/fulletons/bib_16487_1880_baixa.pdf |y Accés lliure | |
| 901 | |a Arxiu | ||
| 942 | |n 1 |2 udc | ||
| 952 | |0 0 |1 0 |4 0 |6 RF1466 |7 1 |9 54663 |a Arxiu |b Arxiu |d 2016-12-01 |l 0 |o RF-14-66 |p 16487 |r 2016-12-01 00:00:00 |w 2016-12-01 |y ARXIU | ||
| 999 | |c 58532 |d 58532 | ||
| 900 | |a bib_16487_1880_baixa.pdf | ||